World political patterns / (Record no. 54233)
[ view plain ]
| 000 -LEADER | |
|---|---|
| fixed length control field | 00714nam a2200229 a 4500 |
| 001 - CONTROL NUMBER | |
| control field | 54233 |
| 003 - CONTROL NUMBER IDENTIFIER | |
| rucl marc code | BD-RjUL |
| 005 - DATE AND TIME OF LATEST TRANSACTION | |
| control field | 20211209080106.0 |
| 008 - FIXED-LENGTH DATA ELEMENTS--GENERAL INFORMATION | |
| fixed length control field | 161106r1961 maua b 000 0 eng |
| 035 ## - SYSTEM CONTROL NUMBER | |
| System control number | (BD-RjUL) 54355 |
| 040 ## - CATALOGING SOURCE | |
| Original cataloging agency | DLC/ICU |
| Modifying agency | BD-RjUL |
| Language of cataloging | eng |
| Transcribing agency | BD-RjUL |
| 041 1# - LANGUAGE CODE | |
| Language code of text/sound track or separate title | engrus |
| 082 00 - DEWEY DECIMAL CLASSIFICATION NUMBER | |
| Edition number | 23 |
| Classification number | 520.12 |
| Author mark and year | ALW 1961 |
| 100 1# - MAIN ENTRY--PERSONAL NAME | |
| Personal name | Alexander, Lewis M., |
| Dates associated with a name | -1921 |
| 9 (RLIN) | 161853 |
| 245 14 - TITLE STATEMENT | |
| Title | World political patterns / |
| Statement of responsibility, etc. | Lewis M Alexander. |
| 260 ## - PUBLICATION, DISTRIBUTION, ETC. (IMPRINT) | |
| Place of publication, distribution, etc. | Chicago : |
| Name of publisher, distributor, etc. | Rand McNally , |
| Date of publication, distribution, etc. | 1957 [Printing 1961] |
| 300 ## - PHYSICAL DESCRIPTION | |
| Pagination | xii, 628 p. : |
| Illustrations | illus. ; |
| Size | 24 cm. |
| 490 ## - SERIES STATEMENT | |
| Series statement | Rand McNally geography series. |
| 650 #0 - SUBJECT ADDED ENTRY--TOPICAL TERM | |
| Topical term or geographic name as entry element | Political geography. |
| 9 (RLIN) | 160335 |
| 830 ## - SERIES ADDED ENTRY--UNIFORM TITLE | |
| Uniform title | Rand McNally geography series. |
| 942 ## - ADDED ENTRY ELEMENTS (KOHA) | |
| Source of classification or shelving scheme | Dewey Decimal Classification |
| Koha item type | Books |
| Lost status | Source of classification or shelving scheme | Damaged status | Not for loan | Collection code | Permanent Location | Current Location | Shelving location | Date acquired | Source of acquisition | Total Checkouts | Full call number | Date last seen | Copy number | Koha item type | Cost, normal purchase price |
|---|---|---|---|---|---|---|---|---|---|---|---|---|---|---|---|
| Dewey Decimal Classification | Non-fiction | Central Library, University of Rajshahi | Central Library, University of Rajshahi | 09/02/1963 | Zeitlinger | 520.12 ALW 1961 | 06/11/2016 | C-2 | Books | ||||||
| Dewey Decimal Classification | Not For Loan | Non-fiction | Central Library, University of Rajshahi | Central Library, University of Rajshahi | Reading Room | 29/11/1962 | Zeithinger | 520.12 ALW 1961 | 09/04/2017 | C-1 | Books | 55.00 |